<?xml version="1.0" encoding="UTF-8"?>
<record
    xmlns:xsi="http://www.w3.org/2001/XMLSchema-instance"
    xsi:schemaLocation="http://www.loc.gov/MARC21/slim http://www.loc.gov/standards/marcxml/schema/MARC21slim.xsd"
    xmlns="http://www.loc.gov/MARC21/slim">

  <leader>02660nam a22003737i 4500</leader>
  <controlfield tag="001">B-12210</controlfield>
  <controlfield tag="003">CO-BoFNCP</controlfield>
  <controlfield tag="007">t|| </controlfield>
  <controlfield tag="008">090820s2009    ck     r           spa d </controlfield>
  <datafield tag="040" ind1=" " ind2=" ">
    <subfield code="a">CO-BoFNCP</subfield>
    <subfield code="b">spa</subfield>
    <subfield code="c">CO-BoFNCP</subfield>
    <subfield code="e">rda</subfield>
  </datafield>
  <datafield tag="041" ind1=" " ind2=" ">
    <subfield code="a">spa</subfield>
  </datafield>
  <datafield tag="043" ind1=" " ind2=" ">
    <subfield code="a">ck</subfield>
  </datafield>
  <datafield tag="084" ind1=" " ind2=" ">
    <subfield code="a">A-</subfield>
  </datafield>
  <datafield tag="100" ind1="1" ind2=" ">
    <subfield code="a">Morales, Leidy C.</subfield>
    <subfield code="9">48565,</subfield>
    <subfield code="e">autor.</subfield>
    <subfield code="4">aut</subfield>
  </datafield>
  <datafield tag="245" ind1="1" ind2="0">
    <subfield code="a">Experiencias en el manejo integrado de la pudrici&#xF3;n del cogollo (PC) de la palma de aceite, en la Zona Central Colombiana.</subfield>
  </datafield>
  <datafield tag="264" ind1=" " ind2="1">
    <subfield code="a">Palmira :</subfield>
    <subfield code="b">Ascolfi,</subfield>
    <subfield code="c">2009.</subfield>
  </datafield>
  <datafield tag="300" ind1=" " ind2=" ">
    <subfield code="a">p&#xE1;ginas 57-61 :</subfield>
    <subfield code="b">Tablas, gr&#xE1;ficos, fotograf&#xED;as.</subfield>
  </datafield>
  <datafield tag="336" ind1=" " ind2=" ">
    <subfield code="a">texto</subfield>
    <subfield code="b">txt</subfield>
    <subfield code="2">rdacontent</subfield>
  </datafield>
  <datafield tag="337" ind1=" " ind2=" ">
    <subfield code="a">sin mediaci&#xF3;n</subfield>
    <subfield code="b">n</subfield>
    <subfield code="2">rdamedia</subfield>
  </datafield>
  <datafield tag="338" ind1=" " ind2=" ">
    <subfield code="a">volumen</subfield>
    <subfield code="b">nc</subfield>
    <subfield code="2">rdacarrier</subfield>
  </datafield>
  <datafield tag="504" ind1=" " ind2=" ">
    <subfield code="a">Incluye referencias bibliogr&#xE1;ficas.</subfield>
  </datafield>
  <datafield tag="520" ind1=" " ind2=" ">
    <subfield code="a">Se presentan los resultados de la experiencia de la implementaci&#xF3;n de un plan de manejo integrado de la pudrici&#xF3;n de cogollo de la palma de aceite en la Zona Central en Colombia, en una plantaci&#xF3;n comercial, donde se incorpor&#xF3; en este plan el diagn&#xF3;stico temprano usando la escala de evaluaci&#xF3;n de la severidad de 1 a 5, desarrollada por Cenipalma, que considera el porcentaje de &#xE1;rea afectada en la flecha m&#xE1;s joven de m&#xE1;s de 30 cm de largo. Se identificaron 90 palmas en grados 3 y 4. Se adelant&#xF3; un programa de aspersi&#xF3;n con dos mezclas diferentes de productos para el control del Phytophthora sp., a todas las palmas en evaluaci&#xF3;n a intervalos de una o dos semanas, seg&#xFA;n la precipitaci&#xF3;n prevalente y a la eliminaci&#xF3;n del tejido afectado en los grados 3 y 4, antes del programa de aspersiones. Los resultados muestran la importancia de actuar en los estados m&#xE1;s tempranos. En las intervenciones en grados de severidad 1 y 2 se logr&#xF3; mayor recuperaci&#xF3;n las palmas tratadas con Metalaxil + Kazugamicina, que a las palmas tratadas con Carbendazim + Kazugamicina y ambos tratamientos fueron mejores que las plantas control. En los grados 3 y 4 la tendencia fue similar pero la capacidad de recuperaci&#xF3;n de las palmas fue m&#xE1;s baja. La implementaci&#xF3;n de un plan de manejo integrado de la enfermedad es una opci&#xF3;n viable, cuando se tienen incidencias relativamente bajas y se act&#xFA;a prontamente.</subfield>
  </datafield>
  <datafield tag="650" ind1=" " ind2="0">
    <subfield code="a">Manejo integrado de plagas</subfield>
    <subfield code="9">30521.</subfield>
  </datafield>
  <datafield tag="650" ind1=" " ind2="0">
    <subfield code="a">Pudrici&#xF3;n del cogollo</subfield>
    <subfield code="9">30852.</subfield>
  </datafield>
  <datafield tag="650" ind1=" " ind2="0">
    <subfield code="a">Palma de aceite</subfield>
    <subfield code="9">37678.</subfield>
  </datafield>
  <datafield tag="700" ind1="1" ind2=" ">
    <subfield code="a">Mart&#xED;nez L., Gerardo</subfield>
    <subfield code="9">33358.</subfield>
  </datafield>
  <datafield tag="700" ind1="1" ind2=" ">
    <subfield code="a">Sarria, Greicy A. </subfield>
    <subfield code="9">41330.</subfield>
  </datafield>
  <datafield tag="700" ind1="1" ind2=" ">
    <subfield code="a">Torres, Gabriel A.  </subfield>
    <subfield code="9">41331.</subfield>
  </datafield>
  <datafield tag="700" ind1="1" ind2=" ">
    <subfield code="a">Var&#xF3;n, Francia</subfield>
    <subfield code="9">41332.</subfield>
  </datafield>
  <datafield tag="773" ind1="0" ind2=" ">
    <subfield code="a">Fitopatolog&#xED;a Colombiana</subfield>
    <subfield code="g">v. 32, no. 2 (Febrero 2009), p.57-61</subfield>
    <subfield code="w">A-</subfield>
    <subfield code="x">0120-0143</subfield>
  </datafield>
  <datafield tag="942" ind1=" " ind2=" ">
    <subfield code="2">z</subfield>
    <subfield code="c">1</subfield>
  </datafield>
  <datafield tag="952" ind1=" " ind2=" ">
    <subfield code="0">0</subfield>
    <subfield code="1">0</subfield>
    <subfield code="2">z</subfield>
    <subfield code="4">0</subfield>
    <subfield code="7">0</subfield>
    <subfield code="a">2</subfield>
    <subfield code="b">2</subfield>
    <subfield code="d">2013-10-21</subfield>
    <subfield code="h">Fitopatolog&#xED;a Colombiana. v. 32, no. 2 (Febrero 2009),  p.57-61. ST-A-, ISSN: 0120-0143</subfield>
    <subfield code="l">0</subfield>
    <subfield code="o">A-</subfield>
    <subfield code="p">R-12210</subfield>
    <subfield code="r">2013-10-21 00:00:00</subfield>
    <subfield code="t">Ej. 1</subfield>
    <subfield code="w">2013-10-21</subfield>
    <subfield code="y">1</subfield>
  </datafield>
  <datafield tag="999" ind1=" " ind2=" ">
    <subfield code="c">26558</subfield>
    <subfield code="d">26558</subfield>
  </datafield>
  <datafield tag="999" ind1=" " ind2=" ">
    <subfield code="z">1</subfield>
  </datafield>
</record>
